00463nam a2200157Ia 4500008004100000020001400041082001700055100001800072245004300090250000700133260004500140300003000185500001900215600002100234650005000255240925s9999 xx 000 0 und d a764532871 a005.4469 WIN aStigler, Shan 0aWindows NT®4 Administrations Handbook aNA aCalifornia:bIDG Books Worldsidec,1999. axviii,366p.bNAfOriginal aIncludes Index aComputer Science aComputer science, information & general works